Цветная металлургия. 1979, Вып.12: Опыт и проблемы внедрения циклично-поточной технологии на рудных карьерах (Запись № 4672663)

Подробности
000 -МАРКЕР
контрольное поле 01511nam2a22002651 4500
001 - ИДЕНТИФИКАТОР ЗАПИСИ
контрольное поле RU\NLR\INFOCOMM18\1000233839
005 - ИДЕНТИФИКАТОР ВЕРСИИ
контрольное поле 20250617030637.0
035 ## - ДРУГИЕ СИСТЕМНЫЕ НОМЕРА
Идентификатор записи (NLR Aleph) 002405425
100 ## - ДАННЫЕ ОБЩЕЙ ОБРАБОТКИ
Данные общей обработки 20050107d1979 |||y0rusy50 ca
101 0# - ЯЗЫК РЕСУРСА
Язык текста, звукозаписи и т.д. русский
102 ## - СТРАНА ПУБЛИКАЦИИ ИЛИ ПРОИЗВОДСТВА
Страна публикации российская федерация
105 ## - ПОЛЕ КОДИРОВАННЫХ ДАННЫХ: ТЕКСТОВЫЕ МАТЕРИАЛЫ, МОНОГРАФИЧЕСКИЕ
Кодированные данные о монографическом текстовом документе y |||||||||
200 1# - ЗАГЛАВИЕ И СВЕДЕНИЯ ОБ ОТВЕТСТВЕННОСТИ
Основное заглавие Опыт и проблемы внедрения циклично-поточной технологии на рудных карьерах
Первые сведения об ответственности М.В. Васильев, А. Сисин
210 ## - ПУБЛИКАЦИЯ, РАСПРОСТРАНЕНИЕ И ДР.
Дата издания, распространения и т.д. 1979
Место издания, распространения и т.д. Б. м.
461 #0 - УРОВЕНЬ НАБОРА
Встроенное поле 001RU\NLR\INFOCOMM18\1000233827
-- 2001#$aЦветная металлургия$eОбзор. информ.$iСерия "Горное дело"$fЦНИИ экономики и информ. цв. металлургии. ЦНИИцветмет экономики и информ.$v1979, Вып.12
Системный номер (АБИС) связанной записи 4672628
Место публикации М.
Дата публикации 1979-
Первые сведения об ответственности ЦНИИ экономики и информ. цв. металлургии. ЦНИИцветмет экономики и информ.
Заглавие части Серия "Горное дело"
Сведения, относящиеся к заглавию Обзор. информ.
Заглавие Цветная металлургия
Номер тома 1979, Вып.12
700 #1 - ИМЯ ЛИЦА - ПЕРВИЧНАЯ ОТВЕТСТВЕННОСТЬ
Код отношения Автор
Графика поля Кириллица
Материалы, к которым относится поле rus
Начальный элемент ввода Васильев
Часть имени, кроме начального элемента ввода М. В.
Дополнения к именам, кроме дат д-р техн. наук, горное дело
Даты 1908-1986
Расширение инициалов личного имени Михаил Владимирович
Системный номер авторитетной/нормативной записи 257000
Идентификатор авторитетной/нормативной записи RU\NLR\AUTH\770257056
701 #1 - ИМЯ ЛИЦА - АЛЬТЕРНАТИВНАЯ ОТВЕТСТВЕННОСТЬ
Начальный элемент ввода Сисин
Часть имени, кроме начального элемента ввода А.
Код отношения Автор
801 #1 - ИСТОЧНИК ЗАПИСИ
Страна российская федерация
Организация InfoComm
Дата составления 20050107
801 #0 - ИСТОЧНИК ЗАПИСИ
Страна российская федерация
Организация NLR
Правила каталогизации PSBO
852 ## - МЕСТОНАХОЖДЕНИЕ И ШИФР ХРАНЕНИЯ
Идентификатор организации NLR
Шифр хранения (Call Number) П10/5603
942 ## - ДОПОЛНИТЕЛЬНЫЕ ЭЛЕМЕНТЫ ЗАПИСИ (АБИС)
Тип экземпляра АБИС Выпуск
980 ## - КОЛЛЕКЦИЯ
Название коллекции Национальная библиография
980 ## - КОЛЛЕКЦИЯ
Название коллекции Русская периодика

Нет доступных экземпляров.